[Event "TCh-BEL 2010-11"]
[Site "Liege BEL"]
[Date "2010.12.05"]
[Round "5.1"]
[White "Vandevoort,P"]
[Black "Wemmers,X"]
[Result "1-0"]
[WhiteElo "2377"]
[BlackElo "2425"]

1.Nf3 Nf6 2.c4 e6 3.d4 Bb4+ 4.Bd2 Qe7 5.g3 Nc6 6.Bg2 Bxd2+ 7.Nbxd2 d6 8.O-O O-O
9.e4 e5 10.d5 Nb8 11.Ne1 a5 12.Nd3 Na6 13.a3 Bd7 14.b4 c6 15.dxc6 bxc6 16.Qc2 c5
17.b5 Nc7 18.a4 Ne6 19.Nb3 Ng5 20.Rae1 Rfe8 21.f4 exf4 22.e5 f3 23.exf6 Qxf6
24.h4 Nh3+ 25.Bxh3 Bxh3 26.Rxe8+ Rxe8 27.Re1 Re6 28.Qd2 h6 29.b6 Qd8 30.b7 Qb8
31.Nxa5 d5 32.Qf4 f2+ 33.Qxf2 Rf6 34.Qe3 Kh7 35.Qe5  1-0

[Event "ch-RSSU"]
[Site "Moscow RUS"]
[Date "2010.12.06"]
[Round "6"]
[White "Lysyj,I"]
[Black "Gerasimov,I"]
[Result "1-0"]
[WhiteElo "2627"]
[BlackElo "2354"]

1.d4 Nf6 2.c4 e6 3.Nf3 Bb4+ 4.Bd2 a5 5.Qc2 Nc6 6.Nc3 d6 7.a3 Bxc3 8.Bxc3 Qe7
9.e4 e5 10.d5 Nb8 11.Be2 a4 12.c5 Nbd7 13.cxd6 cxd6 14.Bb4 Nc5 15.Bxc5 dxc5
16.Rd1 Qd6 17.Nd2 O-O 18.Nc4 Qb8 19.Nb6 Ra5 20.Qc3 Qa7 21.Nc4 Rb5 22.Nd2 Qa5
23.Bxb5 Qxb5 24.f3 b6 25.Kf2 Ba6 26.Rhe1 Re8 27.Nf1 Nh5 28.d6 Nf6 29.Ne3 Bb7
30.Nf5 Nd7 31.Ne3 f6 32.Rd2 Nf8 33.Rb1 Nd7 34.b3 axb3 35.Rxb3 Qa6 36.Rdb2 Rb8
37.Qc4+ Qxc4 38.Nxc4 Ba6 39.Nxb6 c4 40.Rb4 c3 41.Rc2 Rxb6 42.Rxb6 Nxb6 43.Rxc3 Nd7
44.a4 Kf7 45.Rc6 Bd3 46.a5 Ke6 47.Rc8 g5 48.Rh8 Kxd6 49.Rxh7 Nc5 50.Ke3 g4
51.Rf7 gxf3 52.gxf3 Ke6 53.Rc7 Na6 54.Rb7 Bf1 55.h4 Nc5 56.Rc7 Na6 57.Rc1 Bb5
58.h5 Kf7 59.Rg1 f5 60.h6 f4+ 61.Kd2  1-0

[Event "77th ch-BRA"]
[Site "Americana BRA"]
[Date "2010.12.07"]
[Round "10"]
[White "Vescovi,G"]
[Black "Jatoba de Oliveira Reis,P"]
[Result "1-0"]
[WhiteElo "2622"]
[BlackElo "2378"]

1.d4 e6 2.c4 Nf6 3.Nf3 Bb4+ 4.Bd2 Qe7 5.g3 Nc6 6.Bg2 Bxd2+ 7.Nbxd2 O-O 8.O-O d6
9.e4 e5 10.d5 Nb8 11.Ne1 a5 12.Nc2 Na6 13.Ne3 Nc5 14.b3 c6 15.a3 Bd7 16.Qe2 Rfc8
17.Rfc1 g6 18.Nd1 cxd5 19.cxd5 b5 20.b4 axb4 21.axb4 Na4 22.Nb3 Qd8 23.Na5 Qb6
24.Qe3 Qxe3 25.Nxe3 Nc3 26.Rc2 Ncxe4 27.Rac1 Ng5 28.h4 Nh3+ 29.Kh2 Nxf2 30.Rxf2 Rxc1
31.Rxf6 Ra6 32.Nb7 Ra3 33.Nf1 Ra2 34.Kg1 Rcc2 35.Be4 Re2 36.Nxd6 Bg4 37.Bh1 Ra6
38.Ne4 Ra1 39.Nf2 Bd7 40.Rd6 Bf5 41.g4 Ree1 42.Bg2 e4 43.gxf5 e3 44.Ng4 gxf5
45.Nh6+ Kf8 46.Nxf5 Ke8 47.Ng7+ Kf8 48.Nf5 Ke8 49.Nxe3 Rxe3 50.Rb6 Rb3 51.Rxb5 Rab1
52.d6 Rxb4 53.Bc6+ Kf8 54.d7  1-0

[Event "2nd Pilsen Open"]
[Site "Plzen CZE"]
[Date "2010.12.07"]
[Round "5"]
[White "Richardson,Kei"]
[Black "Hubka,R"]
[Result "1-0"]
[WhiteElo "2135"]
[BlackElo "2032"]

1.c4 e6 2.Nf3 Nf6 3.d4 Bb4+ 4.Bd2 a5 5.Nc3 O-O 6.e3 d5 7.Bd3 Nbd7 8.O-O Re8
9.a3 Bxc3 10.Bxc3 b6 11.b4 axb4 12.axb4 Rxa1 13.Bxa1 dxc4 14.Bxc4 Bb7 15.Bb5 Qe7
16.Qb3 Bxf3 17.gxf3 Nd5 18.Kh1 Rd8 19.Bc3 Nf8 20.Bd2 Ng6 21.Be2 Qf6 22.Rg1 Ra8
23.f4 Qh4 24.Kg2 Qd8 25.Qb2 Nf6 26.Ra1 Qd5+ 27.f3 Rxa1 28.Qxa1 h6 29.Qc3 Ne8
30.Qc4 Qh5 31.Qb5 Nh4+ 32.Kf2 f5 33.d5 Nd6 34.Qd7 exd5 35.Qxc7 Qg6 36.Qd8+ Kh7
37.Qxh4 Qe6 38.Bc3 b5 39.Qd8 Nf7 40.Qh4 Qc6 41.Bd4 Nd6 42.Qg3 Qd7 43.h4 Qf7
44.h5 Nc4 45.Qg6+ Qxg6 46.hxg6+ Kxg6 47.Bd3 Nd6 48.Bc5 Nc4 49.e4 fxe4 50.fxe4 dxe4
51.Bxe4+ Kh5 52.Bd4 Nd6 53.Bf3+ Kg6 54.Bc5 Nc4 55.Be4+ Kh5 56.Kg3 g5 57.f5 g4
58.f6 Ne5 59.Bd4 Nd7 60.Bc6  1-0

[Event "31st Crespi Memorial"]
[Site "Milan ITA"]
[Date "2010.12.08"]
[Round "5"]
[White "Tratar,M"]
[Black "Damia,A"]
[Result "1-0"]
[WhiteElo "2492"]
[BlackElo "2302"]

1.d4 Nf6 2.Nf3 e6 3.c4 Bb4+ 4.Bd2 Qe7 5.g3 Nc6 6.Bg2 a5 7.O-O Bxd2 8.Qxd2 d6
9.Nc3 e5 10.Nd5 Nxd5 11.cxd5 Nxd4 12.Nxd4 exd4 13.Qxd4 O-O 14.e3 Bd7 15.Rac1 Rfc8
16.Rc3 c5 17.dxc6 Bxc6 18.Rfc1 Qe6 19.Bxc6 Rxc6 20.Rxc6 bxc6 21.Rxc6 Qxa2
22.Rxd6 h6 23.Kg2 Rb8 24.Rd8+ Rxd8 25.Qxd8+ Kh7 26.Qd4 a4 27.h4 Qb3 28.h5 Qb7+
29.e4 Qb5 30.g4 Qb3 31.e5 Qb7+ 32.f3 Qb5 33.Kf2 Qb3 34.Kg3 Qb8 35.Qd3+ Kg8
36.Qc3 Qb6 37.Kf4 Qe6 38.Kg3 Qb6 39.Qc8+ Kh7 40.Qc2+ Kg8 41.Qc3 Qg1+ 42.Kf4 Qd1
43.Ke3 Qd5 44.Qc8+ Kh7 45.Qc2+ Kg8 46.f4 Qd7 47.f5 Qa7+ 48.Ke4 Qb7+ 49.Kd4 Qb4+
50.Kd5 Qxg4 51.e6 Qf3+ 52.Kd6 Qf4+ 53.Kd7 Qd4+ 54.Ke8 Qa7 55.Qc6 fxe6 56.fxe6 Qb8+
57.Kd7 Qa7+ 58.Qc7 Qd4+ 59.Kc8 Qxb2 60.Qd8+ Kh7 61.Qd3+ Kg8 62.Qd8+ Kh7 63.e7 Qc3+
64.Qc7 Qh3+ 65.Kd8 Qh4 66.Qd6 Kh8 67.Kc7 Qc4+ 68.Qc6 Qf4+ 69.Kc8 Qf5+ 70.Kb7 Qf7
71.Qd7 Qb3+ 72.Ka8 Qf3+ 73.Qb7 Qxh5 74.Qc8+ Kh7 75.e8=Q Qa5+ 76.Kb8 Qb6+
77.Qb7 Qd6+ 78.Ka8  1-0

[Event "31st Crespi Memorial"]
[Site "Milan ITA"]
[Date "2010.12.08"]
[Round "5"]
[White "Tesic,D"]
[Black "Marin,Mi"]
[Result "0-1"]
[WhiteElo "2403"]
[BlackElo "2562"]

1.d4 Nf6 2.c4 e6 3.Nf3 Bb4+ 4.Bd2 a5 5.g3 d5 6.Bxb4 axb4 7.Nbd2 b6 8.Qc2 Qe7
9.Bg2 O-O 10.O-O Ba6 11.Ne5 c5 12.dxc5 bxc5 13.Nd3 Nc6 14.Rfc1 Rac8 15.Qa4 Nd4
16.Qd1 Rfd8 17.a3 b3 18.e3 Nc2 19.Rxc2 bxc2 20.Qxc2 Qd6 21.Bf1 Bb7 22.Nf4 e5
23.Nd3 dxc4 24.Nxc4 Qd5 25.f3 Qxf3 26.Nf2 h5 27.Nxe5 Qxe3 28.Nc4 Qf3 29.Ne5 Qd5
30.Ned3 Ng4 31.Nf4 Qd4 32.Nxh5 Nxf2 33.Qxf2 Qd5 34.Bg2 Qxg2+ 35.Qxg2 Bxg2
36.Kxg2 Rd2+ 37.Kf3 Rxh2 38.Nf4 Rxb2 39.Ke4 c4 40.Nd5 Re8+ 41.Kd4 Rd2+  0-1

[Event "ch-RSSU"]
[Site "Moscow RUS"]
[Date "2010.12.08"]
[Round "8"]
[White "Lysyj,I"]
[Black "Shukh,N"]
[Result "1-0"]
[WhiteElo "2627"]
[BlackElo "2433"]

1.d4 Nf6 2.c4 e6 3.Nf3 Bb4+ 4.Bd2 Qe7 5.g3 Nc6 6.Nc3 Bxc3 7.Bxc3 Ne4 8.Rc1 d6
9.Bg2 Nxc3 10.Rxc3 O-O 11.d5 Nb8 12.O-O e5 13.b4 Nd7 14.Qc2 b6 15.Nd2 f5
16.c5 Ba6 17.Nb3 g6 18.Rc1 Bb5 19.cxd6 cxd6 20.Rc7 a5 21.bxa5 bxa5 22.Qd2 Qd8
23.Nxa5 Nc5 24.R1xc5 dxc5 25.d6 e4 26.Qd5+ Kh8 27.Qb7 Qf6 28.Qxb5 Qxd6 29.Rb7 e3
30.fxe3 Qd2 31.Nc4 Qd1+ 32.Bf1 Rxa2 33.Qxc5 Qd8 34.Nd6  1-0

[Event "17th Open A"]
[Site "Zadar CRO"]
[Date "2010.12.13"]
[Round "2.16"]
[White "Hoelzl,F"]
[Black "Dizdar,G"]
[Result "1/2-1/2"]
[WhiteElo "2327"]
[BlackElo "2546"]

1.d4 Nf6 2.c4 e6 3.Nf3 Bb4+ 4.Bd2 c5 5.Bxb4 cxb4 6.a3 bxa3 7.Rxa3 O-O 8.e3 b6
9.Be2 Bb7 10.O-O d5 11.Nbd2 Nc6 12.cxd5 Qxd5 13.Qb1 Nb4 14.Rc1 a6 15.Bf1 Rfc8
16.Rac3 Qd8 17.Ne5 Nfd5 18.Rc4 Rxc4 19.Ndxc4 Rc8 20.Nd2 Rc7 21.Rd1 h6 22.Ne4 Qe7
23.g3 Rc2 24.Bg2 Qc7 25.Nd2 Qd8 26.Be4 Rc7 27.Nd3 Qc8 28.Nxb4 Nxb4 29.Nf3 Bxe4
30.Qxe4 Rc2 31.Rd2 Rc1+ 32.Kg2 Qc4 33.g4 g5 34.Kg3 Rh1 35.Qb7 Qc1 36.Qb8+ Kg7
37.Qe5+ Kg8 38.Qb8+ Kg7 39.Qe5+  1/2-1/2

[Event "17th Open A"]
[Site "Zadar CRO"]
[Date "2010.12.13"]
[Round "3.7"]
[White "Jovanic,O"]
[Black "Fauland,A"]
[Result "0-1"]
[WhiteElo "2532"]
[BlackElo "2451"]

1.d4 Nf6 2.c4 e6 3.Nf3 Bb4+ 4.Bd2 c5 5.Bxb4 cxb4 6.g4 O-O 7.Rg1 d5 8.e3 Nc6
9.Nbd2 Re8 10.g5 Nd7 11.Bd3 Nf8 12.Qc2 Bd7 13.Rd1 Rc8 14.Qb1 Rc7 15.h4 Bc8
16.Rg3 b6 17.cxd5 exd5 18.Kf1 Qd6 19.Kg2 Na5 20.Ne5 Nc4 21.f4 Bb7 22.Nf1 Kh8
23.b3 Na3 24.Qb2 Kg8 25.Qf2 Bc8 26.h5 Rc3 27.Nh2 Bd7 28.f5 Rxe5 29.dxe5 Qxe5
30.Nf3 Qe8 31.g6 Rxd3 32.Rxd3 Bxf5 33.gxf7+ Qxf7 34.Rd4 Be4 35.Rxe4 dxe4
36.Ng5 Qxh5 37.Qd2 Kh8 38.Qd5 Qe2+ 39.Kg1 Qe1+ 40.Kh2 Qf2+ 41.Kh3 Qf1+ 42.Kg4 h5+
43.Kh4 Qh1+ 44.Rh3 Qg2 45.Nf7+ Kg8 46.Nd6+ Kh7 47.Qxh5+ Kg8 48.Qd5+ Kh7 49.Qxe4+ Ng6+  0-1

[Event "Bansko Grand Chess Open"]
[Site "Bansko BUL"]
[Date "2010.12.15"]
[Round "4.7"]
[White "Grigoryan,Av"]
[Black "Tomov,G"]
[Result "1-0"]
[WhiteElo "2580"]
[BlackElo "2286"]

1.d4 Nf6 2.c4 e6 3.Nf3 Bb4+ 4.Bd2 Bxd2+ 5.Qxd2 d5 6.Nc3 c6 7.e3 O-O 8.Bd3 Nbd7
9.O-O-O Qe7 10.e4 dxe4 11.Nxe4 c5 12.Rhe1 cxd4 13.Nxd4 Nxe4 14.Bxe4 Nf6 15.Bc2 Bd7
16.g4 Rfd8 17.Nf5 Qc5 18.Nd6 Nd5 19.Nxb7 Qxc4 20.b3 Qa6 21.Nxd8 Rxd8 22.Kb2 Rc8
23.Qd3 Qa5 24.Qxh7+ Kf8 25.Qh8+ Ke7 26.Qxg7 Rxc2+ 27.Kxc2 Nb4+ 28.Kb2 Qxa2+
29.Kc3 Qa5 30.Rxd7+ Kxd7 31.Qxf7+ Kc6 32.Qxe6+  1-0

[Event "29th European Blitz"]
[Site "Warsaw POL"]
[Date "2010.12.17"]
[Round "9"]
[White "Moranda,W"]
[Black "Moiseenko,A1"]
[Result "1/2-1/2"]
[WhiteElo "2578"]
[BlackElo "2670"]

1.d4 Nf6 2.c4 e6 3.Nf3 Bb4+ 4.Bd2 c5 5.Bxb4 cxb4 6.g3 O-O 7.Bg2 d6 8.a3 Nc6
9.O-O Re8 10.e3 bxa3 11.Rxa3 e5 12.h3 Bf5 13.Nc3 a5 14.Nh4 Bd7 15.Nb5 Qb8
16.c5 dxc5 17.dxc5 Be6 18.Nd6 Rd8 19.Qa4 Nd5 20.Qb5 Qc7 21.Qxb7 Qxb7 22.Nxb7 Rdb8
23.Nd6 Rxb2 24.Rc1 Ndb4 25.Nhf5 Bxf5 26.Nxf5 Rd8 27.Nd6 g6 28.Nc4 Rc2 29.Rxc2 Nxc2
30.Ra4 N2b4 31.Nxa5 Nxa5 32.Rxb4 Rd1+ 33.Kh2 Rc1 34.Rb5 Nc4 35.c6 Nd2 36.Bd5 e4
37.h4 h5 38.Rb4 Nf3+ 39.Kg2 Rg1+ 40.Kh3 Rh1+ 41.Kg2 Rg1+ 42.Kh3 Rh1+  1/2-1/2

[Event "European Rapid Championship"]
[Site "Warsaw POL"]
[Date "2010.12.18"]
[Round "8"]
[White "Sieciechowicz,M"]
[Black "Borsos,B"]
[Result "1/2-1/2"]
[WhiteElo "2446"]
[BlackElo "2316"]

1.d4 Nf6 2.c4 e6 3.Nf3 Bb4+ 4.Bd2 Qe7 5.g3 Nc6 6.Nc3 Bxc3 7.Bxc3 Ne4 8.Rc1 O-O
9.Bg2 d6 10.O-O Nxc3 11.Rxc3 e5 12.d5 Nd8 13.Qc2 f5 14.c5 Nf7 15.cxd6 cxd6
16.Rc7 Qf6 17.Rc1 Qd8 18.h4 f4 19.Nd2 Nh6 20.Ne4 Bf5 21.Rxb7 fxg3 22.fxg3 Rc8
23.Rc7 Rb8 24.b3 Rb4 25.Rc4 Qb6+ 26.Kh1 Ng4 27.Rxb4 Qxb4 28.Qc3 Rc8 29.Qxb4 Rxc1+
30.Bf1 Rxf1+ 31.Kg2 Ne3+ 32.Kh2 Ng4+ 33.Kg2 Ne3+ 34.Kh2 Ng4+ 35.Kg2 Bxe4+
36.Qxe4  1/2-1/2

[Event "European Rapid Championship"]
[Site "Warsaw POL"]
[Date "2010.12.19"]
[Round "12"]
[White "Sieciechowicz,M"]
[Black "Macieja,B"]
[Result "1/2-1/2"]
[WhiteElo "2446"]
[BlackElo "2636"]

1.d4 e6 2.c4 Nf6 3.Nf3 Bb4+ 4.Bd2 Qe7 5.g3 Nc6 6.Nc3 Bxc3 7.Bxc3 Ne4 8.Rc1 O-O
9.Bg2 d6 10.O-O Nxc3 11.Rxc3 e5 12.d5 Nd8 13.Qc2 b6 14.b4 Nb7 15.Nd2 a5 16.a3 Bd7
17.e4 axb4 18.axb4 Ra4 19.Rb1 Rfa8 20.Rcb3 Qd8 21.Nf3 Ra1 22.Rxa1 Rxa1+ 23.Rb1 Qa8
24.Ne1 Qa3 25.Rxa1 Qxa1 26.Qd2 c5 27.dxc6 Bxc6 28.f3 Kf8 29.Kf2 h6 30.Bf1 Ke7
31.Bd3 Nd8 32.f4 Ne6 33.Nf3 f6 34.f5 Ng5 35.Nxg5 hxg5 36.b5 Qd4+ 37.Qe3 Qb2+
38.Qe2 Qd4+ 39.Qe3 Qb2+ 40.Qe2 Qxe2+ 41.Kxe2 Be8 42.g4 g6 43.fxg6 Bxg6 44.Kd2 Be8
45.Kc3 Kf7 46.Kd2 Bd7 47.h3 Ke7 48.Kc3 Bc8 49.Kb3 Bd7 50.Kc3 Be8 51.Kb3 Kf8
52.Kc3 Kg7 53.Kd2 Bd7 54.Ke3 Bc8 55.Kd2 Kh6 56.Kc3 Bd7 57.Kd2 Kg7 58.Kc3 Kf8
59.Kd2 Ke7 60.Kc3 Be8 61.Kb3 Bg6 62.Kc3 Bf7 63.Kb3 Kd8  1/2-1/2

[Event "19th Donau Open"]
[Site "Aschach AUT"]
[Date "2010.12.28"]
[Round "4"]
[White "Schneider Zinner,H"]
[Black "Tratar,M"]
[Result "0-1"]
[WhiteElo "2336"]
[BlackElo "2492"]

1.d4 Nf6 2.c4 e6 3.Nf3 Bb4+ 4.Bd2 Qe7 5.g3 Nc6 6.Nc3 O-O 7.Bg2 Na5 8.b3 b6
9.O-O Bb7 10.Qc2 Rac8 11.Qb2 Ba3 12.Qc2 c5 13.d5 exd5 14.Nb5 Bb4 15.Bf4 dxc4
16.bxc4 Be4 17.Qc1 Nb7 18.Rd1 Rfe8 19.a3 Ba5 20.Bd6 Qd8 21.Nxa7 Nxd6 22.Rxd6 Ra8
23.Nb5 Bc6 24.Ra2 Ne4 25.Rd3 Bxb5 26.cxb5 d5 27.Nh4 Ra7 28.f3 Nf6 29.Nf5 g6
30.Ne3 c4 31.Nxc4 Qc8 32.Rc2 dxc4 33.Rxc4 Qf5 34.Qb2 Qe5 35.Rc2 Qxb2 36.Rxb2 Rd7
37.Rxd7 Nxd7 38.e4 Rc8  0-1

[Event "23rd Staufer-Open"]
[Site "Leinzell GER"]
[Date "2011.01.02"]
[Round "3"]
[White "Epishin,V"]
[Black "Althoff,G"]
[Result "1-0"]
[WhiteElo "2568"]
[BlackElo "2110"]

1.d4 Nf6 2.Nf3 e6 3.c4 Bb4+ 4.Bd2 Bxd2+ 5.Qxd2 Ne4 6.Qe3 d5 7.g3 c5 8.cxd5 Qxd5
9.Nc3 Nxc3 10.Qxc3 O-O 11.Qxc5 Qe4 12.Bg2 Na6 13.Qb5 Nc7 14.Qc4 Nd5 15.Nh4 Qg4
16.O-O Nb6 17.Qd3 Rd8 18.Nf3 f6 19.Qb3 Bd7 20.a4 Rab8 21.Rfe1 Kf7 22.a5 Nc8
23.Rac1 Ne7 24.h3 Qh5 25.Rc5 Qh6 26.Rc7 Bc6 27.Qb4 Rd7 28.Rxd7 Bxd7 29.Qd6 Rd8
30.Qc7 Ke8 31.Qxb7 Nc6 32.e4 Rb8 33.Qa6 Rxb2 34.d5 Nb8 35.Qxa7 e5 36.a6 Qh5
37.Qa8 Bxh3 38.a7  1-0

[Event "23rd Staufer-Open"]
[Site "Leinzell GER"]
[Date "2011.01.04"]
[Round "6"]
[White "Postojev,A"]
[Black "Hahn,Markus"]
[Result "1-0"]
[WhiteElo "2309"]
[BlackElo "2072"]

1.d4 Nf6 2.c4 e6 3.Nf3 Bb4+ 4.Bd2 Qe7 5.g3 Nc6 6.Bg2 Bxd2+ 7.Nbxd2 d6 8.O-O a5
9.h3 O-O 10.Qc2 e5 11.d5 Nb4 12.Qc3 Bd7 13.e4 Na6 14.b3 Nc5 15.Rfe1 c6 16.a3 cxd5
17.cxd5 Rfc8 18.Qe3 Qd8 19.Rac1 Na6 20.Nc4 Bb5 21.Nb6 Rxc1 22.Rxc1 Rb8 23.Nd2 Nc5
24.Rxc5 dxc5 25.Qxc5 Nd7 26.Qxb5 Nxb6 27.Qxa5 Qd6 28.Bf1 Nd7 29.Qb5 Qc7 30.a4 Nf6
31.Qd3 Ne8 32.Nc4 Rd8 33.Be2 f6 34.Bg4 Nd6 35.Be6+ Kf8 36.Qf3 Ne8 37.h4 g6
38.Kg2 Kg7 39.h5 Qc5 40.Ne3 Qe7 41.Qg4 Nd6 42.Qf3 Nf7 43.Qg4 Nd6 44.Qh4 gxh5
45.Qxh5 Qe8 46.Qe2 Kf8 47.Qc2 Qe7 48.Bf5 Kg7 49.Qd1 Qe8 50.Qc1 Qe7 51.Qh1 Kf8
52.Bxh7 Rc8 53.Bf5 Nxf5 54.Nxf5 Qf7 55.Qh8+ Qg8 56.Qxg8+  1-0

[Event "Grokhotova Memorial"]
[Site "Kremenchug UKR"]
[Date "2011.01.05"]
[Round "7"]
[White "Boroday,S"]
[Black "Shabala,S"]
[Result "1-0"]
[WhiteElo "2355"]
[BlackElo "2346"]

1.d4 Nf6 2.Nf3 e6 3.c4 Bb4+ 4.Bd2 a5 5.Nc3 b6 6.e3 Bb7 7.Be2 O-O 8.O-O Bxc3
9.Bxc3 Ne4 10.Qc2 d6 11.Rfd1 Nd7 12.Be1 f5 13.a3 a4 14.b4 axb3 15.Qxb3 Qf6
16.a4 Rfb8 17.a5 bxa5 18.Qc2 Ng5 19.Nxg5 Qxg5 20.d5 a4 21.Rxa4 Rxa4 22.Qxa4 Nc5
23.Qc2 Rf8 24.Ba5 f4 25.exf4 Qxf4 26.Bf1 Qf7 27.g3 e5 28.Bb4 Nd7 29.Bh3 Qe7
30.Be6+ Kh8 31.Ra1 Bc8 32.Ra7 Nc5 33.Bxc8 Rxc8 34.Bxc5 dxc5 35.Qf5 Re8 36.Ra6 Qd8
37.Re6 Rf8 38.Qxe5 Qb8 39.Re7 Qb1+ 40.Kg2 Qg6 41.Rxc7 Qg4 42.Rf7 Rg8 43.Qf4 Qc8
44.Qc7 Qg4 45.Rf4  1-0

[Event "23rd Staufer-Open"]
[Site "Leinzell GER"]
[Date "2011.01.05"]
[Round "7"]
[White "Epishin,V"]
[Black "Dgebuadze,A"]
[Result "1/2-1/2"]
[WhiteElo "2568"]
[BlackElo "2536"]

1.d4 e6 2.c4 Nf6 3.Nf3 Bb4+ 4.Bd2 Qe7 5.g3 b6 6.Bg2 Bb7 7.O-O Bxd2 8.Qxd2 d6
9.Nc3 Ne4 10.Nxe4 Bxe4 11.Qe3 Bb7 12.d5 e5 13.Nh4 Bc8 14.f4 exf4 15.Qxe7+ Kxe7
16.gxf4 f5 17.Rae1 Na6 18.e4 fxe4 19.Rxe4+ Kf6 20.f5 Bd7 21.a3 Rhf8 22.b4 Rae8
23.Re6+ Bxe6 24.fxe6+ Kg5 25.Nf3+ Kg6 26.Nd4 Rxf1+ 27.Bxf1 Kf6 28.Nb5 Ke5
29.Nxa7 Nb8 30.Bd3 g6 31.Bc2 b5 32.Bb3 bxc4 33.Bxc4 Re7 34.Bb3 c5 35.Nc8  1/2-1/2

[Event "23rd Staufer-Open"]
[Site "Leinzell GER"]
[Date "2011.01.06"]
[Round "9"]
[White "Epishin,V"]
[Black "Ikonnikov,Vy"]
[Result "1/2-1/2"]
[WhiteElo "2568"]
[BlackElo "2580"]

1.d4 Nf6 2.Nf3 e6 3.c4 Bb4+ 4.Bd2 Qe7 5.g3 Nc6 6.Nc3 O-O 7.Bg2 d6 8.Rc1 a5
9.O-O e5 10.dxe5 dxe5 11.Nd5 Nxd5 12.cxd5 Nd8 13.Bxb4 axb4 14.Rc4 e4 15.Nd4 c5
16.dxc6 bxc6 17.Nxc6 Nxc6 18.Rxc6 Rxa2 19.Qd4 Ba6 20.Rd6 Bxe2 21.Re1 Bh5
22.h4 Rxb2 23.Bxe4 Re2 24.Rxe2 Bxe2  1/2-1/2

[Event "1st HDBank Cup"]
[Site "Ho Chi Minh City VIE"]
[Date "2011.01.08"]
[Round "8.2"]
[White "Gomez,Joh"]
[Black "Zhou Weiqi"]
[Result "1/2-1/2"]
[WhiteElo "2527"]
[BlackElo "2573"]

1.d4 Nf6 2.c4 e6 3.Nf3 Bb4+ 4.Bd2 c5 5.Bxb4 cxb4 6.g3 O-O 7.Bg2 d6 8.O-O a5
9.a3 Na6 10.Nbd2 Qc7 11.Qc2 h6 12.Rfc1 b6 13.Ne1 Bb7 14.Bxb7 Qxb7 15.Nd3 bxa3
16.bxa3 Qc7 17.Qb2 Nb8 18.a4 Nbd7 19.Nb1 e5 20.Nc3 Qxc4 21.Nb5 Qe6 22.Rc6 Qh3
23.f3 exd4 24.Nf4 Qf5 25.Nxd6 Qe5 26.Nc4 Qe7 27.Qxd4 Rac8 28.Rxc8 Rxc8 29.Nxb6 Nxb6
30.Qxb6 g5 31.Ng2 Rc2 32.Qe3 Rxe2  1/2-1/2

[Event "68th ch-GEO w"]
[Site "Anaklia GEO"]
[Date "2011.01.10"]
[Round "1.3"]
[White "Batsiashvili,N"]
[Black "Melia,S"]
[Result "0-1"]
[WhiteElo "2396"]
[BlackElo "2449"]

1.d4 Nf6 2.Nf3 e6 3.c4 Bb4+ 4.Bd2 Bxd2+ 5.Qxd2 d5 6.e3 O-O 7.Nc3 Qe7 8.Bd3 dxc4
9.Bxc4 c5 10.O-O Nbd7 11.Rad1 Nb6 12.Bb3 Rd8 13.e4 e5 14.Nxe5 Be6 15.Nf3 Nxe4
16.Nxe4 Bxb3 17.Rde1 Bc4 18.Qc2 cxd4 19.Neg5 d3 20.Qxc4 Qxg5 21.Qxf7+ Kxf7
22.Nxg5+ Kg8 23.f4 Rac8 24.Nf3 Nc4 25.Rb1 Ne3 26.Rf2 Rc2 27.Nd2 Ng4  0-1

[Event "Australian Open"]
[Site "Cammeray AUS"]
[Date "2011.01.12"]
[Round "10.32"]
[White "Wu,E"]
[Black "Van der Wal,F"]
[Result "0-1"]
[WhiteElo "1870"]
[BlackElo "1906"]

1.d4 e6 2.Nf3 Nf6 3.c4 Bb4+ 4.Bd2 Bxd2+ 5.Nbxd2 b6 6.g3 Bb7 7.Bg2 O-O 8.O-O d5
9.Qc2 Nbd7 10.cxd5 exd5 11.b4 Rc8 12.Qa4 a6 13.Bh3 Qe7 14.Ne5 Nxe5 15.Bxc8 Rxc8
16.dxe5 Qxe5 17.Rfe1 Qh5 18.Rac1 d4 19.Qb3 Qh3 20.f3 Ng4 21.Nf1 Ne5 22.Qb2 Re8
23.Qxd4 Bxf3 24.Qf2 Be4 25.Rxc7 f6 26.Ne3 Qe6 27.Qf4 Ng6 28.Qf2 Ba8 29.Rc3 Qe4
30.Ng2 Ne5 31.h3 Qxb4 32.Rb3 Qc4 33.Qxb6 Qe4 34.Qf2 Nc4 35.Kh2 Qe6 36.Rc3 Bd5
37.Nf4 Qe5 38.Nxd5 Qxd5 39.Rd3 Qe6 40.Qa7 Ne5 41.Rb3 Re7 42.Qc5 h6 43.Rd1 Nc4
44.Re1 Ne3 45.Rd3 Qe4 46.Rg1 Re5 47.Qc8+ Kh7 48.Qxa6 Rf5 49.Rxe3 Rf2+  0-1

[Event "68th ch-GEO w"]
[Site "Anaklia GEO"]
[Date "2011.01.13"]
[Round "4.1"]
[White "Arabidze,M"]
[Black "Purtseladze,M"]
[Result "1/2-1/2"]
[WhiteElo "2315"]
[BlackElo "2323"]

1.d4 Nf6 2.c4 e6 3.Nf3 Bb4+ 4.Bd2 Be7 5.Nc3 d5 6.Bg5 Nbd7 7.e3 O-O 8.Rc1 c6
9.Bd3 dxc4 10.Bxc4 h6 11.Bh4 b5 12.Bd3 a6 13.O-O c5 14.a4 c4 15.Bb1 Nd5 16.Bxe7 Qxe7
17.Qc2 f5 18.axb5 Nxc3 19.bxc3 axb5 20.e4 Bb7 21.Qe2 Qf7 22.Rfe1 fxe4 23.Bxe4 Bd5
24.h3 Nf6 25.Ne5 Qb7 26.f3 Ra3 27.Bb1 b4 28.cxb4 Qxb4 29.Red1 c3 30.Qd3 Rc8
31.Ng4 Qe7 32.Qg6 Kf8 33.Ne5 Kg8 34.Re1 Qe8 35.Qd3 Qf8 36.Bc2 Ra2 37.h4 Rb2
38.Ra1 Bb3 39.Bxb3 Rxb3 40.Qa6 Qe8 41.Nd3 Qc6 42.Qxc6 Rxc6 43.Nc5 Rb4 44.Nxe6 c2
45.Ra8+ Kh7 46.Nf8+ Kg8 47.Ng6+ Kh7 48.Nf8+ Kg8 49.Ng6+  1/2-1/2

[Event "68th ch-GEO w"]
[Site "Anaklia GEO"]
[Date "2011.01.14"]
[Round "5.1"]
[White "Batsiashvili,N"]
[Black "Khukhashvili,S"]
[Result "0-1"]
[WhiteElo "2396"]
[BlackElo "2437"]

1.d4 Nf6 2.Nf3 e6 3.c4 Bb4+ 4.Bd2 Bxd2+ 5.Nbxd2 d6 6.g3 Nbd7 7.Bg2 O-O 8.O-O e5
9.e4 a5 10.Qc2 Re8 11.Rad1 exd4 12.Nxd4 Nc5 13.Rfe1 a4 14.Nb1 Bg4 15.f3 Bd7
16.Nc3 c6 17.Kh1 Qa5 18.Qd2 Kh8 19.Nc2 Be6 20.Ne3 Rad8 21.Qc2 b5 22.Ne2 Bxc4
23.Nxc4 bxc4 24.Qxc4 d5 25.exd5 cxd5 26.Qd4 Ne6 27.Qd2 Qb6 28.Nc3 Qa5 29.Ne2 Qa7
30.Bh3 d4 31.Bf5 h6 32.Ng1 Rd6 33.Bxe6 fxe6 34.Qb4 Red8 35.Rd3 Qa6 36.Qd2 Qb5
37.b3 axb3 38.Rxb3 Qd5 39.Qd3 Ng4 40.Qd2 d3 41.Qg2 Ne5 42.f4 Ng4 43.Qxd5 Rxd5
44.Kg2 Rc5 45.Nf3 Rc2+ 46.Kh3 Nf2+ 47.Kh4 d2 48.Nxd2 Rcxd2 49.Rxe6 Nd3 50.Ra3 Rxh2+
51.Kg4 Nb4 52.Ra7 Rxa2 53.Rb7 Nd5 54.Rg6 Nf6+ 55.Kf5 Ne8 56.Kg4 Kg8 57.Re6 Nf6+
58.Kf5 Rd7 59.Rxd7 Nxd7 60.Re3 Kf7 61.Rc3 Ra5+ 62.Kg4 Nf6+ 63.Kf3 Ra4 64.Rb3 Kg6
65.Rc3 Rb4 66.Ra3 h5 67.Rd3 h4 68.gxh4 Kf5 69.Ra3 Rxf4+ 70.Kg3 Rg4+ 71.Kh3 Re4
72.Rf3+ Kg6 73.Rg3+ Kh6 74.Rg5 Re3+ 75.Kg2 Nh5 76.Rg4 g6 77.Ra4 Ng7 78.Kh2 Nf5
79.Rg4 Rd3  0-1

[Event "TCh-SWE Elitserien 2010-11"]
[Site "Sweden SWE"]
[Date "2011.01.15"]
[Round "6"]
[White "Malesevic,N"]
[Black "Schneider,Stef"]
[Result "0-1"]
[WhiteElo "2290"]
[BlackElo "2360"]

1.d4 Nf6 2.c4 e6 3.Nf3 Bb4+ 4.Bd2 Qe7 5.Nc3 O-O 6.a3 Bxc3 7.Bxc3 Ne4 8.Qc2 Nxc3
9.Qxc3 d6 10.g3 a5 11.Bg2 a4 12.O-O Nc6 13.Rfd1 Na5 14.Rd3 Ra6 15.Rad1 b6
16.e4 Bb7 17.Nd2 c5 18.d5 Raa8 19.Re3 e5 20.f4 Bc8 21.Rf1 Bd7 22.Rf2 f6 23.Bf1 Rfb8
24.Qc2 Qe8 25.f5 b5 26.g4 Kh8 27.Rh3 h6 28.Qd1 Kg8 29.cxb5 Bxb5 30.Bxb5 Rxb5
31.Nf3 Rb3 32.Rc2 Rab8 33.Rg3 Rxb2 34.g5 hxg5 35.h4 g4 36.Rxg4 Qh5 37.Ne1 Qh6
38.Qe2 Rxc2 39.Nxc2 Rb1+ 40.Kh2 Nb3 41.Ne3 Nd4 42.Qf2 Rb3 43.Nf1 Rf3 44.Qg2 Rxa3
45.Ng3 Rc3 46.Qf1 Qd2+ 47.Kh3 Ne2 48.Qf2 Nf4+  0-1

[Event "3rd Chennai Open"]
[Site "Chennai IND"]
[Date "2011.01.18"]
[Round "1"]
[White "Deshmukh,A"]
[Black "Laxman,R"]
[Result "1/2-1/2"]
[WhiteElo "2311"]
[BlackElo "2463"]

1.d4 Nf6 2.c4 e6 3.Nf3 Bb4+ 4.Bd2 Qe7 5.Qc2 d5 6.a3 Bxd2+ 7.Nbxd2 O-O 8.e3 a5
9.Bd3 c6 10.O-O Nbd7 11.Rfe1 h6 12.h3 b6 13.e4 dxe4 14.Nxe4 Nxe4 15.Bxe4 Bb7
16.Rad1 Nf6 17.Ne5 Nxe4 18.Qxe4 Qc7 19.c5 b5 20.Rd3 f6 21.Ng6 Rfe8 22.Nf4 e5
23.Ng6 Qf7 24.Rf3 exd4 25.Ne7+ Kh8 26.Ng6+ Kg8 27.Ne7+  1/2-1/2

[Event "68th ch-GEO w"]
[Site "Anaklia GEO"]
[Date "2011.01.19"]
[Round "9"]
[White "Khotenashvili,B"]
[Black "Lomineishvili,M"]
[Result "0-1"]
[WhiteElo "2440"]
[BlackElo "2345"]

1.d4 Nf6 2.c4 e6 3.Nf3 Bb4+ 4.Bd2 Bxd2+ 5.Nbxd2 d5 6.Qc2 b6 7.cxd5 exd5 8.Rc1 c6
9.e3 Bb7 10.Ne5 O-O 11.Bd3 Qd6 12.O-O c5 13.Bf5 g6 14.Bh3 Bc8 15.Bxc8 Rxc8
16.e4 Nbd7 17.Nxd7 Qxd7 18.e5 cxd4 19.Qd3 Ne4 20.Qxd4 Nxd2 21.Qxd2 d4 22.Rcd1 Rd8
23.Qd3 Qd5 24.f4 Rac8 25.a3 a5 26.Rd2 a4 27.h3 b5 28.Re1 Qc4 29.Ree2 Kf8
30.Qg3 d3 31.Rf2 Qe4 32.Kh2 Rd5 33.Rf3 Rcd8 34.Re3 Qf5 35.Rf3 Rd4 36.Qh4 Kg7
37.Qg3 R8d7 38.Qf2 Qe4 39.Qg3 Qf5 40.Qf2 h5 41.Qg3 R7d5 42.Qf2 Rc4 43.Qf1 Rc2
44.Rdxd3 Rxd3 45.Rxd3 Rxb2 46.Rd6 Qe4 47.e6 fxe6 48.Rd7+ Kg8 49.Rd1 Kf7 50.Qg1 Qxf4+
51.Kh1 Rf2 52.Qe1 Ke7 53.Rb1 Rc2 54.Rd1 h4 55.Qa5 Rc1 56.Qd8+ Kf7 57.Qd7+ Kf6
58.Qd8+ Kg7 59.Qe7+ Kh6 60.Rxc1 Qxc1+ 61.Kh2 Qf4+ 62.Kh1 e5 63.Qe8 Qf1+ 64.Kh2 Qf4+
65.Kh1 e4 66.Qxb5 Qc1+ 67.Kh2 Qxa3 68.Qe8 Qd6+ 69.Kh1 Qd1+ 70.Kh2 Qd6+ 71.Kh1 a3
72.Qxe4 a2 73.Qxh4+ Kg7 74.Qa4 Qe6 75.Qd4+ Kf7 76.Qa7+ Kf6 77.Qf2+ Ke5 78.Qe3+ Kd6
79.Qb6+ Ke7 80.Qa7+ Kf8 81.Qb8+ Kg7 82.Qa7+ Kh6 83.Qa5 Qe2 84.Kh2 Qb2 85.h4 a1=Q
86.Qg5+ Kh7  0-1

[Event "68th ch-GEO w"]
[Site "Anaklia GEO"]
[Date "2011.01.19"]
[Round "9"]
[White "Arabidze,M"]
[Black "Khurtsidze,N"]
[Result "0-1"]
[WhiteElo "2315"]
[BlackElo "2436"]

1.d4 Nf6 2.c4 e6 3.Nf3 Bb4+ 4.Bd2 Qe7 5.g3 Nc6 6.Nc3 Bxc3 7.Bxc3 Ne4 8.Rc1 O-O
9.Bg2 d6 10.d5 Nd8 11.O-O a5 12.Nd4 Nxc3 13.Rxc3 e5 14.Nb5 b6 15.b3 f5 16.a3 Nf7
17.b4 axb4 18.axb4 f4 19.c5 bxc5 20.bxc5 Ba6 21.cxd6 cxd6 22.Qa4 Qb7 23.Nc7 Bxe2
24.Nxa8 Bxf1 25.Bxf1 Qxa8 26.Qd7 Qd8 27.Qe6 Re8 28.Qf5 g6 29.Qc2 Qf6 30.Rc8 Rxc8
31.Qxc8+ Kg7 32.Qb7 e4 33.Qa7 Kh6 34.Qa4 Qf5 35.Bg2 f3 36.Bf1 Qxd5 37.Qe8 Kg7
38.h4 Qe5 39.Qd7 e3 40.Bc4 exf2+  0-1